Go to FIT : The winning way to fat loss

Bibliographic Details
Main Author: Kwasnicki, Sherri
Format: Book
Published: New Delhi : Health Harmony , 1999
Subjects:

MARC

LEADER 00000cam a2200000 7i4500
001 0000015195
005 20050704.0
020 |a 8180560813 
040 |a INS 
090 0 0 |a RM222.2.   |b K98 1999 
100 1 |a Kwasnicki, Sherri 
245 1 0 |a Go to FIT :   |b The winning way to fat loss   |c Sherri Kwasnicki 
260 |a New Delhi :   |b Health Harmony ,   |c 1999 
300 |a xivp :   |b 203p ;   |c 24cm. 
650 0 0 |a Exercise   |x Reducing diets 
999 |a 0000014989   |b BOOK   |c Open Shelf   |e Default branch